| 000 | 00559nam a22002057a 4500 | ||
|---|---|---|---|
| 003 | OSt | ||
| 005 | 20220107122900.0 | ||
| 008 | 210723b xxu||||| |||| 00| 0 eng d | ||
| 020 | _a9780128034675 | ||
| 040 | _cKUDSIT | ||
| 082 | _a006.37 JI/P | ||
| 100 |
_aJi, Qiang _918589 |
||
| 245 |
_aProbabilistic graphical models for computer vision _cQiang Ji |
||
| 260 |
_aUK; _bAcademic Press, _c2020. |
||
| 300 | _axv, 278p. | ||
| 650 |
_aCOMPUTER SCIENCE _918590 |
||
| 650 |
_aCOMPUTER VISION _918591 |
||
| 650 |
_aPROBABILISTIC MODELS _918592 |
||
| 942 |
_2ddc _cBK |
||
| 999 |
_c6842 _d6842 |
||